[Event "Schachfestival 2020-Open"]
[Site "Bad Woerishofen"]
[Date "2020.03.13"]
[Round "9.9"]
[White "Arndt, Stefan"]
[Black "Arnold, Max"]
[Result "0-1"]
[WhiteElo "2160"]
[BlackElo "2283"]
[Annotator "chessorg"]
[PlyCount "52"]
[EventDate "2020.??.??"]
[WhiteTeam "SG Ennepe-Ruhr-Sued"]
[BlackTeam "SK 1926 Ettlingen"]

1. e4 e5 2. Nf3 Nc6 3. Bc4 Nf6 4. d4 exd4 5. e5 Ne4 6. Qe2 Nc5 7. O-O Ne6 8.
Rd1 d5 9. Bb5 a6 10. Bxc6+ bxc6 11. Nxd4 Nxd4 12. Rxd4 Be7 13. c4 Be6 14. Nc3
O-O 15. Bf4 c5 16. Rd2 d4 17. Ne4 a5 18. b3 a4 19. Rad1 axb3 20. axb3 Qb8 21.
Qh5 Ra3 22. Bg5 Bxg5 23. Qxg5 Qxb3 24. Qe7 Ra2 25. Nf6+ gxf6 26. Qxf6 Rfa8 0-1

[Event "Schachfestival 2020-Open"]
[Site "Bad Woerishofen"]
[Date "2020.03.18"]
[Round "9.10"]
[White "Stojanovski, Sandi"]
[Black "Ballon, Guenther Jan"]
[Result "1-0"]
[WhiteElo "2209"]
[BlackElo "2167"]
[Annotator "chessorg"]
[PlyCount "135"]
[EventDate "2020.??.??"]
[BlackTeam "Caissa Amsterdam"]

1. c4 c6 2. Nf3 d5 3. g3 Nf6 4. Bg2 g6 5. b3 Bg7 6. Bb2 O-O 7. O-O a5 8. d3 a4
9. Na3 axb3 10. axb3 Bg4 11. Nc2 Nbd7 12. Ne3 Bxf3 13. Bxf3 e6 14. Qc2 Qe7 15.
Bc3 Rfc8 16. Ra2 Ne8 17. Bxg7 Nxg7 18. Rfa1 Qd8 19. b4 Ne5 20. Bg2 Ne8 21. f4
Nd7 22. c5 Nc7 23. Qb2 Rxa2 24. Rxa2 Qf6 25. Qxf6 Nxf6 26. Kf2 Ra8 27. Rxa8+
Nxa8 28. Ke1 Kf8 29. Kd2 Nc7 30. Bf3 Ke7 31. Nc2 Nb5 32. e3 Ne8 33. g4 h6 34.
Kc1 g5 35. Kb2 f6 36. d4 Nec7 37. Kb3 gxf4 38. exf4 e5 39. dxe5 fxe5 40. fxe5
Ke6 41. g5 hxg5 42. Bg4+ Kxe5 43. Bc8 Ne6 44. Bxb7 Nd8 45. Ba6 Nd4+ 46. Kc3 Nf3
47. h3 d4+ 48. Kb2 Ke4 49. Na3 Ne5 50. Nc4 Nd3+ 51. Kb3 Nf4 52. Nd6+ Kf3 53.
Nb7 Nde6 54. Na5 d3 55. Nxc6 Ke3 56. Ne5 Nd4+ 57. Ka4 d2 58. Nc4+ Kd3 59. Nxd2+
Kxd2 60. b5 Nfe6 61. c6 Nc7 62. b6 Nd5 63. c7 Nxb6+ 64. Ka5 Ne6 65. Kxb6 Nxc7
66. Kxc7 Ke3 67. Kd6 Kf4 68. Bc8 1-0

[Event "Schachfestival 2020-Open"]
[Site "Bad Woerishofen"]
[Date "2020.03.13"]
[Round "9.11"]
[White "Wacker, Peter"]
[Black "Kuipers, Dustin"]
[Result "1-0"]
[WhiteElo "2274"]
[BlackElo "2155"]
[PlyCount "45"]
[EventDate "2020.??.??"]
[WhiteTeam "Klub Koelner SF e.V. 1967"]
[BlackTeam "SV Muelheim-Nord 1931 e.V"]

1. e4 c6 2. d4 d5 3. Nd2 dxe4 4. Nxe4 Nf6 5. Nxf6+ gxf6 6. g3 Qd5 7. Nf3 Bg4 8.
Be2 Bh3 9. c4 Qe4 10. Be3 e5 11. a3 Nd7 12. Rg1 Bg4 13. Nd2 Bxe2 14. Qxe2 Qc2
15. Nf3 Qxe2+ 16. Kxe2 O-O-O 17. Rgd1 exd4 18. Rxd4 Bc5 19. Rxd7 Rxd7 20. Bxc5
Re8+ 21. Be3 Re4 22. Rc1 f5 23. Kf1 1-0

[Event "Schachfestival 2020-Open"]
[Site "Bad Woerishofen"]
[Date "2020.03.13"]
[Round "9.12"]
[White "Felgendreher, Heiko"]
[Black "Stabolewski, Andreas"]
[Result "1-0"]
[WhiteElo "2186"]
[BlackElo "2102"]
[PlyCount "59"]
[EventDate "2020.??.??"]
[WhiteTeam "Freibauer Moerlenbach"]
[BlackTeam "Schachtiger Langenhagen"]

1. e4 c5 2. Nf3 Nc6 3. d4 cxd4 4. Nxd4 Nf6 5. Nc3 d6 6. Bg5 e6 7. Qd2 a6 8.
O-O-O Be7 9. f4 Nxd4 10. Qxd4 b5 11. Bxf6 gxf6 12. e5 d5 13. Kb1 Rb8 14. exf6
Bxf6 15. Qe3 Qe7 16. Ne2 Bb7 17. Nd4 h5 18. Be2 b4 19. g4 hxg4 20. Bxg4 Rc8 21.
Rhe1 Bxd4 22. Rxd4 Rxh2 23. Bf5 Rc4 24. Rxc4 dxc4 25. Be4 Kf8 26. Qg3 Rd2 27.
Rh1 Qc7 28. Bxb7 Qxb7 29. Rh8+ Ke7 30. Qh4+ 1-0

[Event "Schachfestival 2020-Open"]
[Site "Bad Woerishofen"]
[Date "2020.03.13"]
[Round "9.13"]
[White "Tscharotschkin, Michael"]
[Black "Bruchmann, Norbert"]
[Result "1-0"]
[WhiteElo "2191"]
[BlackElo "2084"]
[PlyCount "67"]
[EventDate "2020.??.??"]
[WhiteTeam "SF 47 Neckartenzlingen"]
[BlackTeam "Schachgemeinschaft Ennepe-Ruhr-Sued"]

1. d4 e6 2. Bf4 f5 3. e3 Nf6 4. Nd2 b6 5. Ngf3 Bb7 6. Bd3 Be7 7. O-O O-O 8. h3
h6 9. Ne5 Qe8 10. Bh2 d6 11. Nef3 Nbd7 12. Qe2 Ne4 13. Ne1 Ndf6 14. f3 Nxd2 15.
Qxd2 Qh5 16. Bc4 Bd5 17. Bxd5 exd5 18. Nd3 g5 19. Rac1 Rae8 20. Bg3 Qg6 21. Kh2
Rf7 22. Bf2 Kh7 23. b3 Bd8 24. c4 Nh5 25. cxd5 g4 26. Kh1 Rg7 27. Rg1 g3 28.
Be1 Rge7 29. Rc3 Qg5 30. f4 Qh4 31. Nb4 Nxf4 32. exf4 Re2 33. Bxg3 Qxg3 34.
Qxe2 1-0

[Event "Schachfestival 2020-Open"]
[Site "Bad Woerishofen"]
[Date "2020.03.13"]
[Round "9.15"]
[White "De Abreu, Roberto Nicolau"]
[Black "Roemhild, Marcus"]
[Result "1-0"]
[WhiteElo "2181"]
[BlackElo "2084"]
[Annotator "chessorg"]
[PlyCount "63"]
[EventDate "2020.??.??"]
[WhiteTeam "Randburg"]
[BlackTeam "Bielefelder SK von 1883 e.V."]

1. d4 Nf6 2. c4 c5 3. d5 b5 4. cxb5 a6 5. bxa6 g6 6. Nc3 Bg7 7. a7 Rxa7 8. e4
O-O 9. Nf3 d6 10. Be2 Qb6 11. O-O Ba6 12. a4 Qb4 13. Nd2 Nfd7 14. Nb5 Bxb5 15.
Bxb5 f5 16. Nc4 Qxb5 17. axb5 Rxa1 18. Qe2 Ne5 19. Nxe5 Bxe5 20. Bh6 Rxf1+ 21.
Kxf1 Rf7 22. b6 fxe4 23. Qb5 Bg7 24. Bxg7 Kxg7 25. Qe8 Na6 26. b7 e3 27. f3 g5
28. Qa8 Nc7 29. Qa5 Nxd5 30. b8=Q g4 31. Qaa8 Nf6 32. Ke2 1-0

[Event "Schachfestival 2020-Open"]
[Site "Bad Woerishofen"]
[Date "2020.03.13"]
[Round "9.16"]
[White "Schelle, Artur"]
[Black "Kraemer, Max"]
[Result "1-0"]
[WhiteElo "2165"]
[BlackElo "2065"]
[PlyCount "59"]
[EventDate "2020.??.??"]
[WhiteTeam "SC Tarrasch 45 Muenchen"]
[BlackTeam "SK Caissa Augsburg"]

1. d4 d5 2. Bf4 c5 3. e3 Nf6 4. Nf3 Qb6 5. Nc3 Bg4 6. Nb5 Na6 7. c3 Nh5 8. dxc5
Qxc5 9. Be5 Nf6 10. Bd4 Bxf3 11. Qxf3 Qc6 12. Nxa7 Qe6 13. Nb5 Qg4 14. Be2 Qxf3
15. Bxf3 e6 16. Be5 Kd7 17. O-O Bc5 18. Rfd1 Rhd8 19. b4 Bf8 20. e4 Kc6 21.
Nd4+ Kb6 22. a4 Rac8 23. a5+ Ka7 24. exd5 Nxd5 25. Nb5+ Ka8 26. Bxd5 exd5 27.
g3 f6 28. Bd4 Bd6 29. Bb6 Rd7 30. Rxd5 1-0

[Event "Schachfestival 2020-Open"]
[Site "Bad Woerishofen"]
[Date "2020.03.13"]
[Round "9.17"]
[White "Tennstedt, Andreas"]
[Black "Schaefer, Michael"]
[Result "1/2-1/2"]
[WhiteElo "2074"]
[BlackElo "2158"]
[Annotator "chessorg"]
[PlyCount "56"]
[EventDate "2020.??.??"]
[WhiteTeam "SG Roedermark/Eppertshausen"]
[BlackTeam "Moerlenbach-Birkenau"]

1. c4 e6 2. Nc3 d5 3. d4 Be7 4. cxd5 exd5 5. Nf3 c6 6. Bf4 Bf5 7. Qb3 Qb6 8. e3
Nf6 9. Nd2 Nbd7 10. Be2 O-O 11. O-O Rfe8 12. Rac1 h6 13. Rfd1 Rec8 14. h3 Ne8
15. Bf3 Qxb3 16. Nxb3 Bd6 17. Bxd6 Nxd6 18. Nd2 a5 19. a4 Kf8 20. Bg4 Bxg4 21.
hxg4 Nf6 22. f3 Re8 23. Kf2 Re7 24. Ne2 Rae8 25. Rc3 Nd7 26. Ng3 Nb8 27. b3 Na6
28. Ne2 Nb4 1/2-1/2

[Event "Schachfestival 2020-Open"]
[Site "Bad Woerishofen"]
[Date "2020.03.13"]
[Round "9.27"]
[White "Hund, Sarah"]
[Black "Saizew, Valeri"]
[Result "1-0"]
[WhiteElo "2032"]
[BlackElo "1993"]
[Annotator "chessorg"]
[PlyCount "49"]
[EventDate "2020.??.??"]
[WhiteTeam "SK Freiburg-Zaehringen 1887 e.V."]
[BlackTeam "SV Wuerselen 1926 e.V."]

1. e4 e5 2. Nf3 Nc6 3. Bc4 Bc5 4. d3 Nf6 5. O-O d6 6. c3 O-O 7. Bg5 a6 8. Bb3
h6 9. Bh4 Ba7 10. Nbd2 g5 11. Bg3 b5 12. d4 exd4 13. e5 dxe5 14. Nxe5 Nxe5 15.
Bxe5 Bg4 16. Nf3 Nd7 17. Qd3 Bh5 18. Qf5 Nxe5 19. Nxe5 Kg7 20. Bc2 Rh8 21. g4
f6 22. Nc6 Qd6 23. gxh5 d3 24. Qg6+ Kf8 25. Bb3 1-0

[Event "Schachfestival 2020-Open"]
[Site "Bad Woerishofen"]
[Date "2020.03.13"]
[Round "9.34"]
[White "Carrasco, Paul"]
[Black "Fiedler, Wolfgang"]
[Result "1-0"]
[WhiteElo "1917"]
[BlackElo "2017"]
[Annotator "chessorg"]
[PlyCount "45"]
[EventDate "2020.??.??"]
[BlackTeam "SK Zirndorf e.V."]

1. Nf3 g6 2. c4 Bg7 3. Nc3 d6 4. d4 Nc6 5. e4 e5 6. dxe5 dxe5 7. Qxd8+ Nxd8 8.
Nd5 Ne6 9. Ng5 Nxg5 10. Bxg5 f6 11. Be3 Kd8 12. O-O-O Bd7 13. Be2 c6 14. Bb6+
Kc8 15. Nc7 axb6 16. Nxa8 Be6 17. Nxb6+ Kc7 18. c5 Ne7 19. Bc4 Bh6+ 20. Kb1
Bxc4 21. Rd7+ Kb8 22. Nxc4 Nc8 23. Na5 1-0

[Event "Schachfestival 2020-Open"]
[Site "Bad Woerishofen"]
[Date "2020.03.13"]
[Round "9.44"]
[White "Distelrath, Oliver"]
[Black "Dyballa, Gerhard"]
[Result "0-1"]
[WhiteElo "1929"]
[BlackElo "1984"]
[PlyCount "36"]
[EventDate "2020.??.??"]
[WhiteTeam "SV Unser Fritz"]
[BlackTeam "DBSB"]

1. e4 e6 2. d4 d5 3. Nc3 Bb4 4. exd5 exd5 5. Bd3 Ne7 6. Qf3 c5 7. Bb5+ Nbc6 8.
Nge2 O-O 9. Be3 Bf5 10. Bd3 Bxd3 11. cxd3 cxd4 12. Bxd4 Nxd4 13. Nxd4 Nc6 14.
Nde2 d4 15. a3 dxc3 16. axb4 Ne5 17. Qxb7 Nxd3+ 18. Kf1 cxb2 0-1